000 00627nam a2200181Ia 4500
008 151018s9999 xx 000 0 und d
082 _bRBASDV18634
_a891.463
100 _aगुरुनाथ - नाईक
245 _aसैतानाची वेल
250 _b1
260 _bबांदोडकर पब्लिशिंग कंपनी मुंबई
_c1985
300 _a194
600 _aगुरुनाथ - नाईक
630 _aसैतानाची वेल
700 _aगुरुनाथ - नाईक
730 _aसैतानाची वेल
942 _cBOOK
999 _c1019282
_d1019279